[Event "AUT-ch U10"]
[Site "St Veit"]
[Date "2016.05.29"]
[Round "7.11"]
[White "Busta, Valentin"]
[Black "Bertel, Valentin"]
[Result "1/2-1/2"]
[WhiteElo "918"]
[BlackElo "1098"]
[PlyCount "154"]
[EventDate "2016.05.27"]
[EventType "swiss"]
[EventRounds "7"]
[EventCountry "AUT"]
[SourceTitle "EXT 2024"]
[Source "ChessBase"]
[SourceDate "2023.10.10"]
[SourceVersion "1"]
[SourceVersionDate "2023.10.10"]
[SourceQuality "1"]

1. e4 e5 2. Nf3 Nc6 3. Bc4 Bc5 4. d3 Nf6 5. Bg5 d6 6. h3 h6 7. Bh4 Be6 8. Bb3 0-0 9. Nc3 Re8 10. Nd5 Bxd5 11. Bxd5 Nd4 12. Bxb7 Rb8 13. Bd5 Rxb2 14. Rc1 Bb4+ 15. c3 Nxf3+ 16. Qxf3 Bxc3+ 17. Rxc3 Rb1+ 18. Ke2 Rxh1 19. g3 Rxh3 20. Qg2 Qd7 21. Bc6 Qg4+ 22. f3 Qe6 23. Bxf6 Qxa2+ 24. Kf1 Qa1+ 25. Kf2 Qa2+ 26. Kg1 Qb1+ 27. Qf1 Rxg3+ 28. Kf2 Qxf1+ 29. Kxf1 Rb8 30. Bh4 Rxf3+ 31. Ke2 Rh3 32. Bf2 Rb2+ 33. Kf1 Rh1+ 34. Kg2 Rd1 35. Kf3 Rdd2 36. Bxa7 Rbc2 37. Rxc2 Rxc2 38. Bd5 g5 39. Kg4 Kg7 40. Bb3 Rg2+ 41. Kh3 Rb2 42. Bc4 Kg6 43. Kg4 h5+ 44. Kf3 g4+ 45. Kg3 Kg5 46. Be3+ Kg6 47. Bc1 Rc2 48. Be3 f5 49. exf5+ Kxf5 50. Bh6 Kg6 51. Be3 Re2 52. Ba7 Re1 53. Bb5 Rh1 54. Be8+ Kf5 55. Kg2 Ra1 56. Bf2 Kg5 57. Be3+ Kf5 58. Bxh5 Ra2+ 59. Kg3 Kf6 60. Kxg4 Ra3 61. Bg5+ Ke6 62. Bc1 Rxd3 63. Kh4 Rd4+ 64. Bg4+ Kf6 65. Bg5+ Kf7 66. Be3 Re4 67. Ba7 c5 68. Kg3 c4 69. Kf3 Re1 70. Bf2 Rc1 71. Bh5+ Kf6 72. Bh4+ Ke6 73. Bg4+ Kd5 74. Bg5 Rf1+ 75. Ke2 Rg1 76. Bf3+ Ke6 77. Be3 Rg3 1/2-1/2

[Event "AUT-ch U10"]
[Site "St Veit"]
[Date "2016.05.27"]
[Round "1.5"]
[White "Georgiev, Daniel"]
[Black "Bertel, Valentin"]
[Result "1-0"]
[WhiteElo "1336"]
[BlackElo "1098"]
[PlyCount "47"]
[EventDate "2016.05.27"]
[EventType "swiss"]
[EventRounds "7"]
[EventCountry "AUT"]
[SourceTitle "EXT 2024"]
[Source "ChessBase"]
[SourceDate "2023.10.10"]
[SourceVersion "1"]
[SourceVersionDate "2023.10.10"]
[SourceQuality "1"]

1. e4 e5 2. Nf3 Nc6 3. Bc4 Bc5 4. c3 d6 5. d4 exd4 6. cxd4 Bb6 7. Nc3 Bg4 8. h3 Bxf3 9. Qxf3 Nf6 10. d5 Ne7 11. 0-0 h6 12. Bf4 g5 13. Bg3 h5 14. Qxf6 Rg8 15. Rfe1 h4 16. Bh2 Qd7 17. e5 g4 18. exd6 cxd6 19. Bxd6 0-0-0 20. Bxe7 gxh3 21. Qxh4 Rxg2+ 22. Kh1 Rdg8 23. Bb5 Qf5 24. Re2 1-0

[Event "AUT-ch U08"]
[Site "Velden"]
[Date "2014.06.21"]
[Round "4"]
[White "Koglbauer, Til"]
[Black "Bertel, Valentin"]
[Result "1-0"]
[WhiteElo "920"]
[BlackElo "900"]
[PlyCount "33"]
[EventDate "2014.06.20"]
[EventType "swiss"]
[EventRounds "7"]
[EventCountry "AUT"]
[SourceTitle "EXT 2016"]
[Source "ChessBase"]
[SourceDate "2015.10.08"]
[SourceVersion "1"]
[SourceVersionDate "2015.10.08"]
[SourceQuality "1"]

1. e4 e5 2. f4 exf4 3. Nf3 Nf6 4. e5 Ng4 5. Bc4 Bc5 6. d4 Bb4+ 7. c3 Ba5 8. Bxf4 Qe7 9. h3 Nh6 10. Qa4 b6 11. Bd5 f6 12. Bxa8 a6 13. Be4 b5 14. Qxa5 Nc6 15. Qxc7 0-0 16. Bf5 g6 17. Be4 1-0